| 000 | 00972cam a2200265 a 4500 | ||
|---|---|---|---|
| 001 | 30 | ||
| 003 | BR-CuiBMT | ||
| 005 | 20231109230810.0 | ||
| 008 | 230804s2020 mgb 000 0 por d | ||
| 020 | _a9788545007180 | ||
| 040 |
_aBR-CuiBMT _cBR-CuiBMT |
||
| 080 |
_22007 _a321.7:34 |
||
| 090 |
_a321.7:34 _bD383 |
||
| 245 | 1 | 0 |
_aDemocracia e sistema de justiça : _bobra em homenagem aos 10 anos do ministro Dias Toffoli no Supremo Tribunal Federal / _cAlexandre de Moraes, André Luiz de Almeida Mendonça, coordenadores. |
| 260 |
_aBelo Horizonte : _bFórum, _c2020. |
||
| 300 |
_a696 p. ; _b24 cm |
||
| 504 | _aInclui bibliografia. | ||
| 600 | 1 |
_aToffoli, Dias _xMinistro do Supremo Tribunal Federal |
|
| 610 | 1 |
_aBrasil. _bSupremo Tribunal Federal. |
|
| 650 | _aDireito constitucional | ||
| 650 |
_aDemocracia _xAspectos jurídicos |
||
| 700 | 1 |
_aMoraes, Alexandre de, _d1968- _4coord. |
|
| 700 | 1 |
_aMendonça, André Luiz de Almeida, _d1972- _4coord. |
|
| 942 |
_2udc _cLV |
||
| 999 |
_c30 _d30 |
||